NBA Champions - Tile Select - Statistics

General Stats
  • This quiz has been taken 467 times
  • The average score is 26 of 30
Answer Stats
Question Tile Select % Correct
NBA Champions in the Eastern Conference Boston Celtics Yes
98%
NBA Champions in the Eastern Conference Charlotte Hornets No
97%
NBA Champions in the Eastern Conference Chicago Bulls Yes
97%
NBA Champions in the Eastern Conference Miami Heat Yes
97%
NBA Champions in the Eastern Conference Cleveland Cavaliers Yes
96%
NBA Champions in the Western Conference Golden State Warriors Yes
94%
NBA Champions in the Western Conference Los Angeles Lakers Yes
94%
NBA Champions in the Western Conference Memphis Grizzlies No
94%
NBA Champions in the Western Conference New Orleans Pelicans No
94%
NBA Champions in the Eastern Conference Indiana Pacers No
93%
NBA Champions in the Eastern Conference Milwaukee Bucks Yes
93%
NBA Champions in the Eastern Conference Toronto Raptors Yes
93%
NBA Champions in the Eastern Conference Detroit Pistons Yes
92%
NBA Champions in the Western Conference Minnesota Timberwolves No
92%
NBA Champions in the Western Conference San Antonio Spurs Yes
92%
NBA Champions in the Eastern Conference Brooklyn Nets No
91%
NBA Champions in the Western Conference Dallas Mavericks Yes
91%
NBA Champions in the Western Conference Denver Nuggets Yes
91%
NBA Champions in the Eastern Conference Philadelphia 76ers Yes
91%
NBA Champions in the Western Conference Los Angeles Clippers No
90%
NBA Champions in the Eastern Conference New York Knicks Yes
89%
NBA Champions in the Eastern Conference Orlando Magic No
89%
NBA Champions in the Western Conference Houston Rockets Yes
87%
NBA Champions in the Western Conference Utah Jazz No
85%
NBA Champions in the Western Conference Phoenix Suns No
82%
NBA Champions in the Western Conference Portland Trail Blazers Yes
69%
NBA Champions in the Eastern Conference Atlanta Hawks Yes
65%
NBA Champions in the Eastern Conference Washington Wizards Yes
58%
NBA Champions in the Western Conference Oklahoma City Thunder Yes
51%
NBA Champions in the Western Conference Sacramento Kings Yes
46%
No matching quizzes found
Score Distribution
Percent of People with Each Score
Percentile by Number Answered
Your Score History
You have not taken this quiz